Alfonso x, cantiga 235, and the events of 1269-1278 /
Guardado en:
| Autor Principal: | |
|---|---|
| Formato: | Libro |
| Publicado: |
Cambridge (massachusetts) :
Medieval Academy of America,
1992
|
| Materias: | |
| Etiquetas: |
Agregar Etiqueta
Sin Etiquetas, Sea el primero en etiquetar este registro!
|
| LEADER | 00715nam a22001935a 4500 | ||
|---|---|---|---|
| 001 | EHU.bham044320 | ||
| 003 | AR-BHAM | ||
| 005 | 20161017142028.0 | ||
| 008 | 130507s1992##################000#0#####d | ||
| 082 | 8 | 6 | |a 863.107 |
| 100 | 1 | |a Kinkade, Richard P. | |
| 245 | 1 | 0 | |a Alfonso x, cantiga 235, and the events of 1269-1278 / |c Richard P. Kinkade |
| 260 | |a Cambridge (massachusetts) : |b Medieval Academy of America, |c 1992 | ||
| 300 | |a p.áginas: 282-324 | ||
| 500 | |a Separata de Speculum : a Journal of Medieval Studies ; vol. 67, Nº 2, april 1992 | ||
| 600 | 1 | 4 | |a Alfonso X |
| 653 | |a Literatura medieval española | ||
| 653 | |a Cultura española medieval | ||
| 859 | |a AR-BHAM |b BIB. HUMANIDADES - General |h 863.107 |i K62 |p 389.16 |t Ej.1 | ||
